000 00472nam a2200157 a 4500
001 000032633
005 20200930065739.0
008 110725s1930 dr 000 0 spa d
040 _aDO-SdBNP
_bspa
_cBNPHU
082 _axxx
_bL791c
100 1 _aLlaverias, Federico
_910157
245 1 0 _aContribución al progresos cívico de la ciudad de Santo Domingo /
_cFederico Llaverias.
260 _aSanto Domingo :
_b[s.n.],
_c1930.
300 _a166 p. ;
_c19 cm.
049 _aBNPD
999 _c32124
_d32124